Match the countries to the number of Neighbors - click quiz - Statistics

General Stats
  • This quiz has been taken 12 times
  • The average score is 10 of 25
Answer Stats
Hint Answer % Correct
Denmark 1
73%
Russia 14
64%
Italy 6
64%
Ireland 1
55%
Chile 3
55%
Luxembourg 3
55%
Norway 3
55%
Oman 3
55%
Belgium 4
55%
Qatar 1
45%
Estonia 2
45%
Albania 4
45%
Slovakia 5
45%
Czech Republic 4
36%
Thailand 4
36%
Argentina 5
27%
Poland 7
27%
Germany 9
27%
China 14
18%
Peru 5
18%
Romania 5
18%
Niger 7
18%
Iran 7
9%
Ukraine 7
9%
Tanzania 8
9%
No matching quizzes found
Score Distribution
Percent of People with Each Score
Percentile by Number Answered
Your Score History
You have not taken this quiz